Alberto Zaccheroni's Juventus - Statistics

General Stats
  • This quiz has been taken 14 times
  • The average score is 15 of 26
Answer Stats
Rank Player Position Nationality Matches Goals Assists % Correct
1 Alessandro Del Piero Second Striker 18 8 6
100%
8 Giorgio Chiellini Centre-Back 15 2 0
83%
4 Claudio Marchisio Central Midfield 17 1 2
75%
16 Gianluigi Buffon Goalkeeper 10 0 0
75%
15 Hasan Salihamidzic Right Midfield 11 0 0
75%
20 Alexander Manninger Goalkeeper 9 0 0
67%
17 Christian Poulsen Defensive Midfield 10 0 1
67%
19 David Trezeguet Centre-Forward 10 2 1
67%
2 Diego Attacking Midfield 18 2 7
67%
22 Martín Cáceres Centre-Back 5 0 1
67%
14 Mauro Camoranesi Right Midfield 11 0 0
67%
23 Sebastian Giovinco Second Striker 4 0 0
67%
18 Vincenzo Iaquinta Centre-Forward 10 3 1
67%
5 Fabio Cannavaro Centre-Back 16 0 0
58%
6 Felipe Melo Defensive Midfield 16 1 0
58%
10 Mohamed Sissoko Defensive Midfield 14 0 1
58%
9 Paolo De Ceglie Left-Back 15 0 1
58%
11 Amauri Centre-Forward 13 3 1
50%
24 Antonio Chimenti Goalkeeper 3 0 0
50%
12 Fabio Grosso Left-Back 12 1 0
50%
7 Jonathan Zebina Centre-Back 16 1 0
50%
21 Zdenek Grygera Right-Back 8 0 0
50%
3 Antonio Candreva Attacking Midfield 18 2 2
42%
13 Nicola Legrottaglie Centre-Back 11 2 0
42%
26 Manuel Giandonato Defensive Midfield 1 0 0
17%
25 Michele Paolucci Centre-Forward 2 0 0
8%
No matching quizzes found
Score Distribution
Percent of People with Each Score
Percentile by Number Answered
Your Score History
You have not taken this quiz